000 00432nam a2200181Ia 4500
003 0100
008 130227s9999 xx 000 0 und d
040 _cARRUPELIB
050 _aB171.B65 2003
100 _aShields, Christopher
245 4 _aThe Blackwell Guide to Ancient Philosophy
260 _aAustralia
260 _bBlackwell Publishing
260 _C2003
300 _axi
300 _b 333p. :25cm.
942 _2lcc
_09
999 _c6547
_d6547